000 00283nam a22001337a 4500
008 171204b xxu||||| |||| 00| 0 eng d
020 _a9780471575184
041 _aeng
080 _a004
100 _a29
101 _aSHKI
245 _aNANOSYSTEMS
_cDREXLER,K,E
942 _2udc
_cBK
999 _c38780
_d38780